Top 100 ANTM Quiz Stats

 Plays Quiz not verified by Sporcle

Challenge
Share
Tweet
Embed
Score 0/100 Timer 10:00
0 Plays Today
% Correct
Nicole
82.3%
Nicole
82.3%
Nicole
82.3%
Brittani
81.9%
Shannon
81.2%
Ann
79.2%
Ann
79.2%
Eva
76.5%
Brittany
75.8%
Brittany
75.8%
Yoanna
74.2%
Amanda
73.8%
Amanda
73.8%
Elyse
73.5%
Allison
72.3%
Danielle
71.5%
Caridee
71.5%
Michelle
70.8%
Whitney
70.8%
Jaslene
70.4%
Laura
69.6%
YaYa
69.2%
Jade
68.5%
Melrose
68.5%
Mercedes
67.7%
Joanie
66.5%
McKey
66.5%
Sarah
66.2%
Naima
66.2%
Lisa
66.2%
Sarah
66.2%
Anya
66.2%
Krista
65%
Robin
64.6%
% Correct
Molly
64.6%
Natasha
64.2%
Samantha
64.2%
Analeigh
63.5%
Saleisha
63.1%
Kahlen
62.3%
Heather
62.3%
Teyona
62.3%
Nik
61.5%
Raina
60.8%
Hannah
60.4%
Hannah
60.4%
Chantal
59.6%
Alexandra
59.2%
Ren
59.2%
Shandi
58.8%
Renee
58.5%
Kim
57.7%
Fatima
57.7%
Erin
56.9%
Jennifer
56.5%
Bianca
55.8%
Jenah
55%
Jane
55%
April
54.2%
Marjorie
53.8%
Ebony
53.5%
Norelle
53.5%
Kayla
53.1%
Kesse
53.1%
Eugena
52.3%
Toccara
51.5%
Christina
51.2%
Fo
50.4%
% Correct
Katarzyna
50%
Furonda
48.8%
Aminat
48.8%
Chelsey
48.8%
Giselle
48.5%
Keenyah
48.5%
Brooke
48.5%
Jessica
48.5%
Elina
47.3%
Catie
46.5%
Dionne
44.2%
Nnenna
42.7%
Monique
42.3%
Anchal
40.8%
Lauren Brie
40.4%
Natalie
39.2%
Jaclyn
38.5%
Tiffany
37.7%
Rae
37.7%
Claire
35.8%
AJ
35.4%
Kyle
34.2%
Leslie
31.5%
Diane
30.8%
Victoria
27.3%
Felicia
25.8%
Esther
25.8%
Julie
20.8%
Ondrei
20.4%
Angelia
18.5%
Rhianna
18.5%
Kassia
3.1%

You're not logged in!

Compare scores with friends on all Sporcle quizzes.
Join for Free
OR
Log In

You Might Also Like...

Show Comments

Extras

Created Apr 13, 2011ReportFavoriteNominate
Tags:Top Model

Top Quizzes Today


Score Distribution

Your Account Isn't Verified!

In order to create a playlist on Sporcle, you need to verify the email address you used during registration. Go to your Sporcle Settings to finish the process.

Report this User

Report this user for behavior that violates our Community Guidelines.

Details: